| 000 | 00659nam a2200217 a 4500 | ||
|---|---|---|---|
| 999 |
_c6496 _d6496 |
||
| 001 | 6496 | ||
| 003 | BD-JhCC | ||
| 005 | 20180130103208.0 | ||
| 008 | 180124s1988 bg |||| ||a| 000 0 ben d | ||
| 035 | _a(BD-JhCC)6496 | ||
| 040 |
_aBD-JhCC _dBD-JhCC |
||
| 041 | _aeng | ||
| 082 |
_a500 _bALM 1988 |
||
| 100 | _aআল-মুতী, আবদুল্লাহ | ||
| 245 |
_aএ যুগের বিজ্ঞান / _cআবদুল্লাহ আল-মুতী, |
||
| 260 |
_aঢাকা : _b মুক্তধারা প্রকাশনী, _c1988 |
||
| 300 |
_a168 p. : _c20 cm. |
||
| 650 | _aScience | ||
| 942 |
_2ddc _cBK |
||